000 00473nam a2200157 4500
001 111579
003 ES-MaACL
005 20230906185327.0
007 t|
008 061121s1959 sp r ||||1| spa d
245 0 0 _aOrganismos económicos internacionales
_b: adhesión española.
260 _aBilbao :
_bVizcaína,
_c1959.
300 _a288 p. ;
_c21 cm.
500 _aDe la Cámara Oficial de Comercio Industria y navegación.
852 _aES-MaACL
_jC-17473
_bR.45329
999 _c111579
_d111579